| 000 | 00497 a2200169 4500 | ||
|---|---|---|---|
| 999 |
_c313479 _d313479 |
||
| 001 | 78406 | ||
| 003 | NUST | ||
| 005 | 20180119124630.0 | ||
| 008 | 180119b xxu||||| |||| 00| 0 eng d | ||
| 020 | _a9780754617334 | ||
| 082 | _a629.130071 HEN | ||
| 100 |
_aIrene M A Henley _99096 |
||
| 245 |
_aAviation Education and Training : Audit Learing Principles and Teaching Strategies. _cIrene M A Henley _hEnglish |
||
| 250 | _a1 | ||
| 260 |
_bAshgate Publishing Ltd _aEngland _c2003 |
||
| 300 | _axvii 433 | ||
| 500 | _aGeneral Books | ||
| 505 | _aGifted Books | ||
| 942 |
_aNUST-CAE _k629.130071 HEN _cBK _2ddc |
||